000 00432nam a22001817a 4500
003 MPLRDC
005 20220104164838.0
008 210129b ||||| |||| 00| 0 eng d
020 _a983-9556-53-3
082 _a859.6 MEC v.4
100 _a不详
245 _aALADDIN AND THE MAGIC LAMP
_c
250 _a重印
260 _a
_bMECRON S/B
_c1992
300 _b
650 _aCHILDREN LITERATURE
942 _cBK
_o859.6 MEC v.4
999 _c57181
_d57171